[Event "DVM U14w 2015"]
[Site "Magdeburg GER"]
[Date "2015.12.29"]
[Round "5"]
[White "Oschlies, Tami"]
[Black "Du, Jessica"]
[Result "1/2-1/2"]
[Termination "normal"]
[Board "7.2"]
[WhiteElo "958"]
[BlackElo "1188"]
[WhiteTeam "SC Borussia 1920 Friedrichsfelde"]
[BlackTeam "SC Erlangen 48/88"]
[PlyCount "87"]
[WhiteFideId "16217365"]
[BlackFideId "12988529"]
[EventCountry "GER"]
[EventRounds "7"]
[EventType "team-swiss"]
[EventDate "2015.12.26"]

1. e4 e5 2. Nf3 Nf6 3. Nc3 Nc6 4. d3 Be7 5. Be2 O-O 6. Bd2 d5 7. exd5 Nxd5 8.
Nxd5 Qxd5 9. c4 Qd8 10. O-O Bf5 11. Bc3 Bd6 12. b3 Re8 13. Qd2 e4 14. dxe4 Bxe4
15. Rfd1 Bxf3 16. Bxf3 Re6 17. Qc2 Rh6 18. h3 Qg5 19. Bd2 Bf4 20. Bxf4 Qxf4 21.
Bxc6 bxc6 22. Qd3 Qd6 23. Qc3 Qf6 24. Qb4 a5 25. Qb7 Re8 26. Qxc7 Rh5 27. Re1
Rxe1+ 28. Rxe1 g6 29. Re8+ Kg7 30. Ra8 Qa1+ 31. Kh2 Qxa2 32. b4 Qxc4 33. bxa5
Qa4 34. a6 Ra5 35. a7 c5 36. Qe5+ f6 37. Qe7+ Kh6 38. Qxf6 Rxa7 39. Rg8 Qd4 40.
Qxd4 cxd4 41. Rd8 Ra4 42. g4 Kg5 43. Kg3 Ra3+ 44. f3 1/2-1/2

[Event "DVM U14w 2015"]
[Site "Magdeburg GER"]
[Date "2015.12.29"]
[Round "5"]
[White "Eisenburger, Melissa"]
[Black "Buschek, Paula"]
[Result "1-0"]
[Termination "normal"]
[Board "7.3"]
[WhiteElo "1181"]
[BlackElo "794"]
[WhiteTeam "SC Erlangen 48/88"]
[BlackTeam "SC Borussia 1920 Friedrichsfelde"]
[PlyCount "57"]
[WhiteFideId "16217209"]
[BlackFideId "16217373"]
[EventCountry "GER"]
[EventRounds "7"]
[EventType "team-swiss"]
[EventDate "2015.12.26"]

1. e4 c5 2. Nc3 Nc6 3. g3 d6 4. Bg2 Nf6 5. h3 g6 6. d3 Bg7 7. Nge2 O-O 8. O-O
a6 9. Rb1 b5 10. e5 Qd7 11. exf6 Bxf6 12. Nd5 Qb7 13. Nec3 Bg7 14. Kh2 Re8 15.
Re1 e6 16. Bf4 Qd7 17. Nb6 Qb7 18. Nxa8 Qxa8 19. Bxd6 Bb7 20. Bxc5 Qc8 21. Ne4
Rd8 22. Qf3 Na5 23. b4 Nc6 24. Nd6 Qb8 25. Nxb7 Qxb7 26. Qxc6 Qxc6 27. Bxc6 Rc8
28. Bb7 Rc7 29. Bxa6 1-0

[Event "DVM U14w 2015"]
[Site "Magdeburg GER"]
[Date "2015.12.29"]
[Round "5"]
[White "Ludwig, Lea"]
[Black "Strobel, Miriam"]
[Result "0-1"]
[Termination "normal"]
[Board "7.4"]
[WhiteElo "754"]
[BlackElo "842"]
[WhiteTeam "SC Borussia 1920 Friedrichsfelde"]
[BlackTeam "SC Erlangen 48/88"]
[PlyCount "76"]
[WhiteFideId "16217381"]
[BlackFideId "16217225"]
[EventCountry "GER"]
[EventRounds "7"]
[EventType "team-swiss"]
[EventDate "2015.12.26"]

1. d4 d5 2. Nf3 Nc6 3. e3 Bf5 4. a3 e6 5. c4 dxc4 6. Bxc4 Bd6 7. O-O Nf6 8. b4
O-O 9. Nc3 Bg4 10. h3 Bh5 11. b5 Ne7 12. a4 Bb4 13. Bd2 Bd6 14. Bd3 Ng6 15. e4
e5 16. Be2 Bxf3 17. Bxf3 exd4 18. Ne2 Be5 19. Rb1 Nh4 20. Nf4 Qd7 21. Nd3 Bd6
22. Bg5 Nxf3+ 23. Qxf3 Qe6 24. Nf4 Bxf4 25. Qxf4 Nxe4 26. Rb4 Nxg5 27. Qxg5 d3
28. Rd4 Qf6 29. Qd5 Rad8 30. Rf4 Rxd5 31. Rxf6 gxf6 32. Rd1 d2 33. Kf1 c6 34.
Ke2 Rfd8 35. Kf1 c5 36. a5 c4 37. a6 bxa6 38. bxa6 c3 0-1

[Event "DVM U14w 2015"]
[Site "Magdeburg GER"]
[Date "2015.12.29"]
[Round "5"]
[White "Kirsten, Annika"]
[Black "Alferova, Ekaterina"]
[Result "0-1"]
[Termination "normal"]
[Board "8.1"]
[WhiteElo "1329"]
[BlackElo "1348"]
[WhiteTeam "Cöthener FC Germania 03"]
[BlackTeam "SC Ammersee"]
[PlyCount "106"]
[WhiteFideId "12961124"]
[BlackFideId "16217250"]
[EventCountry "GER"]
[EventRounds "7"]
[EventType "team-swiss"]
[EventDate "2015.12.26"]

1. e4 e5 2. Bc4 Nf6 3. d3 Nc6 4. Nf3 Be7 5. c3 d6 6. Nbd2 O-O 7. O-O Bg4 8. Re1
h6 9. Nf1 a6 10. Bb3 Qd7 11. Ng3 Nh5 12. Nxh5 Bxh5 13. Bc2 Bg4 14. Be3 d5 15.
exd5 Qxd5 16. Bb3 Qd6 17. Qe2 Rad8 18. Bc2 Qf6 19. Kh1 Bxf3 20. Qxf3 Qxf3 21.
gxf3 f5 22. f4 exf4 23. Bxf4 Bd6 24. Bxd6 Rxd6 25. d4 g6 26. Rg1 Kf7 27. Rae1
Re8 28. Rxe8 Kxe8 29. Re1+ Kd7 30. Bb3 Rf6 31. Bd5 Kd6 32. Bxc6 Kxc6 33. Re5
Rd6 34. Kg2 Rd5 35. Re6+ Rd6 36. Re5 Rd5 37. f4 g5 38. Kf3 a5 39. h3 b5 40. b3
Kd6 41. Re8 Kd7 42. Re5 Kd6 43. a3 c5 44. dxc5+ Rxc5 45. Re3 a4 46. bxa4 bxa4
47. h4 gxh4 48. Kg2 Rc4 49. Rf3 Kd5 50. Kh2 Ke4 51. Rh3 Rc6 52. Kg2 Rg6+ 53.
Kf2 Rg3 0-1

[Event "DVM U14w 2015"]
[Site "Magdeburg GER"]
[Date "2015.12.29"]
[Round "5"]
[White "Heinze, Sabrina"]
[Black "Kümmel, Tina"]
[Result "1/2-1/2"]
[Termination "normal"]
[Board "8.2"]
[WhiteElo "1435"]
[BlackElo "1371"]
[WhiteTeam "SC Ammersee"]
[BlackTeam "Cöthener FC Germania 03"]
[PlyCount "118"]
[WhiteFideId "12981737"]
[BlackFideId "12979368"]
[EventCountry "GER"]
[EventRounds "7"]
[EventType "team-swiss"]
[EventDate "2015.12.26"]

1. e4 e6 2. d4 d5 3. Nc3 Nf6 4. exd5 exd5 5. Bd3 Bd6 6. Bg5 c6 7. Nf3 O-O 8.
O-O Bg4 9. Re1 Nbd7 10. Be2 Qc7 11. h3 Bh5 12. Nd2 Bg6 13. Nf3 Rae8 14. Nh4 b6
15. Nxg6 fxg6 16. Bf3 h6 17. Be3 Rf7 18. Qd3 Nf8 19. Bd2 Rfe7 20. Rxe7 Rxe7 21.
Re1 Kf7 22. Re3 Ne6 23. Ne2 Qb7 24. c3 c5 25. b4 c4 26. Qc2 Ng5 27. Rxe7+ Qxe7
28. Bxg5 hxg5 29. Qd2 Nh5 30. Bxd5+ Kf8 31. Bxc4 Bb8 32. Qe3 Qc7 33. Qf3+ Nf6
34. Qg3 Qxc4 35. Qxb8+ Ne8 36. Ng3 Qxa2 37. Qa8 Qa1+ 38. Kh2 Qxc3 39. d5 Qxb4
40. Qxa7 Nd6 41. Qb8+ Kf7 42. Qc7+ Kf6 43. Qd8+ Kf7 44. Qxg5 b5 45. Qc1 Kf6 46.
Qa1+ Kf7 47. Ne2 Qe4 48. Qa2 Qb4 49. f4 Qc5 50. Qb3 Ke7 51. Nc3 Kf7 52. Kg3 Kf8
53. Kg4 Qc8+ 54. Kf3 Qc5 55. Ne4 Nxe4 56. Kxe4 Ke7 57. Ke5 Qd6+ 58. Ke4 Qc5 59.
g3 Kd6 1/2-1/2

[Event "DVM U14w 2015"]
[Site "Magdeburg GER"]
[Date "2015.12.29"]
[Round "5"]
[White "Buchheim, Luise"]
[Black "Karlinger De la Quintana, Ainhoa"]
[Result "1-0"]
[Termination "normal"]
[Board "8.3"]
[WhiteElo "1112"]
[BlackElo "1121"]
[WhiteTeam "Cöthener FC Germania 03"]
[BlackTeam "SC Ammersee"]
[PlyCount "127"]
[WhiteFideId "16217179"]
[BlackFideId "16217268"]
[EventCountry "GER"]
[EventRounds "7"]
[EventType "team-swiss"]
[EventDate "2015.12.26"]

1. e4 g6 2. Nf3 Bg7 3. Bc4 c5 4. Nc3 Nc6 5. d3 Nf6 6. Be3 d6 7. h3 O-O 8. Qd2
Re8 9. O-O Bd7 10. Rad1 Qc7 11. Ng5 Ne5 12. Bb3 c4 13. Ba4 Rad8 14. Rc1 h6 15.
Bxd7 Rxd7 16. Nf3 Kh7 17. Nxe5 dxe5 18. b3 cxd3 19. cxd3 Qb8 20. Rc2 Rc8 21.
Rfc1 b5 22. Ne2 Rxc2 23. Rxc2 Nxe4 24. Qc1 Rxd3 25. f3 Nf6 26. Ng3 Qd6 27. Kf2
Nd5 28. Bd2 Qb6+ 29. Ke2 Rd4 30. Kf1 Qa6 31. Kg1 Bf6 32. Kh1 Nf4 33. Be3 Nd3
34. Qf1 Rd6 35. Ne4 Rd8 36. Rd2 b4 37. Nc5 Nxc5 38. Qxa6 Nxa6 39. Rxd8 e6 40.
Rd6 Nc7 41. Rd7 Nd5 42. Bxa7 Kg7 43. Bc5 Bh4 44. Rb7 Kf6 45. Bxb4 g5 46. Kh2
Ne3 47. a4 h5 48. a5 Nf1+ 49. Kg1 Ne3 50. a6 Nd5 51. a7 Bf2+ 52. Kxf2 Nxb4 53.
Rxb4 g4 54. hxg4 hxg4 55. Rxg4 e4 56. a8=Q e3+ 57. Ke2 e5 58. Qd8+ Ke6 59. Kxe3
f5 60. Rg6+ Kf7 61. Qf6+ Ke8 62. Rg7 f4+ 63. Ke2 e4 64. Qe7# 1-0

[Event "DVM U14w 2015"]
[Site "Magdeburg GER"]
[Date "2015.12.29"]
[Round "5"]
[White "Heinze, Vanessa"]
[Black "Wesselly, Luisa"]
[Result "0-1"]
[Termination "normal"]
[Board "8.4"]
[WhiteElo "737"]
[BlackElo "966"]
[WhiteTeam "SC Ammersee"]
[BlackTeam "Cöthener FC Germania 03"]
[PlyCount "82"]
[WhiteFideId "16208412"]
[BlackFideId "16217187"]
[EventCountry "GER"]
[EventRounds "7"]
[EventType "team-swiss"]
[EventDate "2015.12.26"]

1. e4 e5 2. Nf3 Nc6 3. Bc4 Bc5 4. Nc3 d6 5. h3 Nf6 6. d3 h6 7. Be3 Bb6 8. Qd2
Be6 9. Bb3 Qd7 10. O-O-O O-O-O 11. Nd5 Bxd5 12. Bxd5 Nxd5 13. exd5 Nd4 14. Nxd4
exd4 15. Bf4 Qa4 16. a3 Rhe8 17. Rde1 Ba5 18. Qd1 Bxe1 19. Rxe1 Rxe1 20. Qxe1
Re8 21. Qd1 Qa5 22. Qh5 Re1+ 23. Qd1 Rxd1+ 24. Kxd1 Qxd5 25. g3 Qf3+ 26. Ke1
Qh1+ 27. Ke2 Qxh3 28. b3 g5 29. Bc1 Qg4+ 30. Kf1 Qd1+ 31. Kg2 Qxc1 32. Kf3 h5
33. a4 h4 34. gxh4 gxh4 35. Kg4 Qh6 36. b4 h3 37. f3 h2 38. b5 h1=R 39. f4 Qh3+
40. Kg5 Rg1+ 41. Kf6 Qe6# 0-1

[Event "DVM U14w 2015"]
[Site "Magdeburg GER"]
[Date "2015.12.29"]
[Round "5"]
[White "Oswald, Hannah"]
[Black "Fricke, Edna Marlene"]
[Result "1-0"]
[Termination "normal"]
[Board "9.1"]
[WhiteElo "1240"]
[BlackElo "1373"]
[WhiteTeam "SG Leipzig"]
[BlackTeam "Schachunion Berlin"]
[PlyCount "45"]
[WhiteFideId "16214960"]
[BlackFideId "12988839"]
[EventCountry "GER"]
[EventRounds "7"]
[EventType "team-swiss"]
[EventDate "2015.12.26"]

1. e4 c5 2. Nf3 Nc6 3. d4 cxd4 4. Nxd4 g6 5. Nc3 Bg7 6. Be3 Nf6 7. f3 O-O 8.
Bc4 a6 9. Qd2 Qa5 10. Nb3 Qc7 11. O-O-O e6 12. Bh6 b5 13. Be2 b4 14. Na4 a5 15.
h4 d5 16. exd5 exd5 17. g4 Rd8 18. h5 Ba6 19. Bxa6 Rxa6 20. Nac5 Raa8 21. hxg6
fxg6 22. Bxg7 Kxg7 23. Ne6+ 1-0

[Event "DVM U14w 2015"]
[Site "Magdeburg GER"]
[Date "2015.12.29"]
[Round "5"]
[White "Kirschner, Elena"]
[Black "Fischer, Laura"]
[Result "1-0"]
[Termination "normal"]
[Board "9.2"]
[WhiteElo "1089"]
[BlackElo "1214"]
[WhiteTeam "Schachunion Berlin"]
[BlackTeam "SG Leipzig"]
[PlyCount "115"]
[WhiteFideId "16205804"]
[BlackFideId "16208935"]
[EventCountry "GER"]
[EventRounds "7"]
[EventType "team-swiss"]
[EventDate "2015.12.26"]

1. e4 e5 2. Nf3 Nc6 3. Bc4 Bc5 4. c3 Nf6 5. d3 d6 6. O-O Bg4 7. Nbd2 O-O 8. Re1
Be6 9. Bb3 Ng4 10. Bxe6 fxe6 11. Rf1 Qf6 12. h3 Nh6 13. Re1 Qg6 14. Nf1 Rf6 15.
Ng3 Qxg3 16. d4 Qg6 17. dxc5 dxc5 18. Nh4 Qf7 19. Rf1 Rf8 20. Be3 Rd8 21. Qe2
b6 22. Bg5 Rf8 23. Bxf6 Qxf6 24. Nf3 Qf4 25. Rad1 Nb8 26. Qc4 Qf6 27. Rd3 Nf7
28. Re1 Nd6 29. Qa4 a6 30. Qd1 Nc4 31. Qe2 b5 32. Rf1 Nd6 33. Nh2 Qg6 34. Re1
Nd7 35. Rg3 Qe8 36. Qg4 Rf7 37. Ree3 Nf6 38. Qh4 Nfxe4 39. Rxe4 Nxe4 40. Qxe4
Qf8 41. Nf3 Rf5 42. Qc6 Rf6 43. Qxa6 Qd8 44. Qxb5 Qd1+ 45. Kh2 Qc2 46. Qe8+ Rf8
47. Qxe6+ Rf7 48. Nxe5 Qxf2 49. Nxf7 Qxf7 50. Qxf7+ Kxf7 51. a4 Ke7 52. Rd3 c4
53. Rd4 Ke8 54. a5 c5 55. Rxc4 Ke7 56. Rxc5 Kd6 57. b4 g6 58. a6 1-0

[Event "DVM U14w 2015"]
[Site "Magdeburg GER"]
[Date "2015.12.29"]
[Round "5"]
[White "Fege, Astrid"]
[Black "Kessen, Fanny"]
[Result "0-1"]
[Termination "normal"]
[Board "9.3"]
[WhiteElo "1177"]
[BlackElo "860"]
[WhiteTeam "SG Leipzig"]
[BlackTeam "Schachunion Berlin"]
[PlyCount "120"]
[WhiteFideId "16217152"]
[EventCountry "GER"]
[EventRounds "7"]
[EventType "team-swiss"]
[EventDate "2015.12.26"]

1. e4 c5 2. Nf3 Nc6 3. d4 cxd4 4. Nxd4 g6 5. Nc3 Bg7 6. Be3 Nf6 7. f3 O-O 8.
Bc4 Qa5 9. Bb3 d6 10. Qd2 Re8 11. O-O-O e5 12. Ndb5 Be6 13. Bxe6 Rxe6 14. Kb1
a6 15. Nxd6 Rd8 16. Nxb7 Rxd2 17. Nxa5 Rxd1+ 18. Rxd1 Nxa5 19. Rd8+ Re8 20. Rd3
Nc4 21. Bf2 Rb8 22. Na4 Bf8 23. Kc1 Bh6+ 24. Kb1 Nd2+ 25. Ka1 Rc8 26. Nc3 a5
27. Be1 Nc4 28. g4 Bf4 29. h4 Ra8 30. Na4 Ne3 31. Rc3 Rd8 32. Rd3 Rxd3 33. cxd3
Nc2+ 34. Kb1 Nxe1 35. a3 Nxd3 36. Kc2 Ne1+ 37. Kc3 Nxf3 38. b4 Bd2+ 39. Kc4
Nxe4 40. Kb5 axb4 41. axb4 Nc3+ 42. Nxc3 Bxc3 43. Kc5 e4 44. b5 Ba5 45. b6
Bxb6+ 46. Kc4 e3 47. Kd3 Ng1 48. Kc2 e2 49. Kd2 Ba5+ 50. Kd3 e1=Q 51. Kd4 Qxh4
52. Kd5 Qg5+ 53. Ke4 Qxg4+ 54. Kd5 h5 55. Ke5 h4 56. Kd5 h3 57. Ke5 h2 58. Kd5
h1=R 59. Ke5 Rh5+ 60. Kd6 Qe6# 0-1

[Event "DVM U14w 2015"]
[Site "Magdeburg GER"]
[Date "2015.12.29"]
[Round "5"]
[White "de Veer, Mara"]
[Black "Heck, Jasmin"]
[Result "1-0"]
[Termination "normal"]
[Board "9.4"]
[WhiteElo "758"]
[BlackElo "919"]
[WhiteTeam "Schachunion Berlin"]
[BlackTeam "SG Leipzig"]
[PlyCount "57"]
[WhiteFideId "16217349"]
[BlackFideId "16217160"]
[EventCountry "GER"]
[EventRounds "7"]
[EventType "team-swiss"]
[EventDate "2015.12.26"]

1. e4 d6 2. Nc3 Nf6 3. Bc4 g6 4. f4 Bg4 5. Nf3 Nc6 6. d3 Bg7 7. Be3 Qd7 8. h3
Bxf3 9. Qxf3 O-O-O 10. O-O-O e5 11. Bb3 Kb8 12. Bd5 Qe8 13. Bxc6 Qxc6 14. Bf2
Nd7 15. Nd5 Bh6 16. g3 f5 17. Qe3 b6 18. Kb1 Bg7 19. c3 Nc5 20. Nb4 Qd7 21.
exf5 gxf5 22. Qe2 e4 23. d4 Ne6 24. g4 Nxf4 25. Qe3 Ng6 26. gxf5 Ne7 27. Qxe4
Rde8 28. Na6+ Kc8 29. Qa8# 1-0

[Event "DVM U14w 2015"]
[Site "Magdeburg GER"]
[Date "2015.12.29"]
[Round "5"]
[White "Stas, Antonia"]
[Black "Glinzner, Alva"]
[Result "0-1"]
[Termination "normal"]
[Board "10.1"]
[WhiteElo "920"]
[BlackElo "1523"]
[WhiteTeam "Hamburger SK von 1830"]
[BlackTeam "Lübecker SV von 1873"]
[PlyCount "86"]
[WhiteFideId "16217403"]
[BlackFideId "16206169"]
[EventCountry "GER"]
[EventRounds "7"]
[EventType "team-swiss"]
[EventDate "2015.12.26"]

1. e4 c6 2. f4 d5 3. e5 e6 4. d4 c5 5. Be3 cxd4 6. Bxd4 Nc6 7. Bb5 Qa5+ 8. Nc3
Bb4 9. Nge2 Qxb5 10. a3 Bxc3+ 11. Nxc3 Qc4 12. Be3 Nce7 13. Bd4 Nf5 14. Bf2
Qxf4 15. Qe2 Bd7 16. O-O Qg5 17. Nb5 Qd8 18. c4 Bxb5 19. cxb5 Nge7 20. Rac1 O-O
21. Bc5 Qd7 22. g4 Nh4 23. Bd6 Nhg6 24. h4 Rfe8 25. h5 Nh8 26. Rc7 Qd8 27. Rxb7
Nc8 28. Bb4 Qg5 29. Qf3 Ne7 30. a4 Rac8 31. Kg2 d4 32. Rxa7 d3 33. Qxd3 Qxg4+
34. Qg3 Rc2+ 35. Rf2 Rxf2+ 36. Kxf2 Qxb4 37. Kf3 Qxb2 38. h6 Nf5 39. Qg4 Ng6
40. hxg7 Nxe5+ 41. Kf4 Nxg4 42. Kxg4 Qd4+ 43. Kg5 Qh4# 0-1

[Event "DVM U14w 2015"]
[Site "Magdeburg GER"]
[Date "2015.12.29"]
[Round "5"]
[White "Mundt, Alexandra"]
[Black "Müller-Glewe, Franka"]
[Result "1-0"]
[Termination "normal"]
[Board "10.2"]
[WhiteElo "973"]
[BlackElo "899"]
[WhiteTeam "Lübecker SV von 1873"]
[BlackTeam "Hamburger SK von 1830"]
[PlyCount "71"]
[WhiteFideId "16217276"]
[BlackFideId "16207181"]
[EventCountry "GER"]
[EventRounds "7"]
[EventType "team-swiss"]
[EventDate "2015.12.26"]

1. e4 d5 2. exd5 Nf6 3. Nf3 Nxd5 4. Bc4 Bg4 5. h3 Bh5 6. d4 Nc6 7. Nc3 Nf6 8.
Be3 e5 9. dxe5 Nxe5 10. Qxd8+ Rxd8 11. Nxe5 Bb4 12. O-O O-O 13. Nb5 Nd5 14. c3
Be7 15. Bd4 c6 16. Na3 b6 17. Nxc6 Rd6 18. Bxd5 Re8 19. Nxe7+ Rxe7 20. Bc4 h6
21. Rfe1 Rdd7 22. Bb5 Rb7 23. Nc4 Kf8 24. Nd6 Rbc7 25. Nf5 Re6 26. Nxg7 Rxe1+
27. Rxe1 f5 28. Ne6+ Ke7 29. Nxc7+ Kd8 30. Ne6+ Ke7 31. Ng7+ Kf8 32. Nxh5 Kf7
33. Nf4 Kg8 34. Re7 a5 35. Ng6 h5 36. Bc4# 1-0

[Event "DVM U14w 2015"]
[Site "Magdeburg GER"]
[Date "2015.12.29"]
[Round "5"]
[White "Wittich, Carlotta"]
[Black "Gossing, Marie-Sophie"]
[Result "1-0"]
[Termination "normal"]
[Board "10.3"]
[WhiteElo "864"]
[BlackElo "719"]
[WhiteTeam "Hamburger SK von 1830"]
[BlackTeam "Lübecker SV von 1873"]
[PlyCount "101"]
[WhiteFideId "16217411"]
[BlackFideId "16217284"]
[EventCountry "GER"]
[EventRounds "7"]
[EventType "team-swiss"]
[EventDate "2015.12.26"]

1. e4 e5 2. Nf3 Nc6 3. Bc4 Bc5 4. c3 Nf6 5. d3 Na5 6. Bb3 Nxb3 7. Qxb3 d6 8. h3
Be6 9. Qd1 O-O 10. O-O h6 11. Nbd2 Qd7 12. Re1 Rfe8 13. Nf1 Nh5 14. Nh4 Nf4 15.
Nf3 Bxh3 16. Bxf4 exf4 17. gxh3 Re6 18. Kh2 Rg6 19. Qd2 Re8 20. Qxf4 Bxf2 21.
Re2 Bb6 22. e5 Ree6 23. Ree1 Qe7 24. d4 f6 25. Nh4 Rg5 26. Nf3 dxe5 27. dxe5
fxe5 28. Nxg5 exf4 29. Nxe6 Qd6 30. Rad1 f3+ 31. Rxd6 cxd6 32. Nf4 Bc7 33. Kg3
g5 34. Ne6 Bb6 35. Kxf3 a5 36. Ne3 Ba7 37. Kg4 b5 38. Kh5 Kf7 39. Nf5 Bf2 40.
Re2 Bb6 41. Nxh6+ Kf6 42. Nxg5 Bd8 43. Re6+ Kg7 44. Rxd6 Bxg5 45. Kxg5 a4 46.
b3 axb3 47. axb3 b4 48. cxb4 Kf8 49. b5 Ke7 50. Rd1 Ke6 51. b6 1-0

[Event "DVM U14w 2015"]
[Site "Magdeburg GER"]
[Date "2015.12.29"]
[Round "6"]
[White "Weimert, Miriam"]
[Black "Nguyen, Ha Thanh"]
[Result "1-0"]
[Termination "normal"]
[Board "1.1"]
[WhiteElo "1694"]
[BlackElo "1691"]
[WhiteClock "00:29:55"]
[BlackClock "00:14:08"]
[WhiteTeam "SF Sasbach"]
[BlackTeam "SV Empor Erfurt"]
[PlyCount "91"]
[WhiteFideId "12966703"]
[BlackFideId "12942154"]
[EventCountry "GER"]
[EventRounds "7"]
[EventType "team-swiss"]
[EventDate "2015.12.26"]

1. e4 c5 2. d4 cxd4 3. c3 Nf6 4. e5 Nd5 5. cxd4 e6 6. Nc3 Nxc3 7. bxc3 Qc7 8.
Bd2 Nc6 9. Bd3 d6 10. f4 Bd7 11. Nf3 a6 12. O-O Be7 13. Rb1 Rb8 14. Qe2 b6 15.
c4 Nd8 16. Rbc1 dxe5 17. fxe5 Qb7 18. Qf2 Bc6 19. Qg3 Bf8 20. Rb1 Be4 21. Ne1
Bxd3 22. Qxd3 Qc7 23. Nc2 Rc8 24. Ne3 Qd7 25. Rf4 Nc6 26. Rbf1 Nd8 27. Bc3 Rc7
28. d5 Be7 29. Qd2 Bg5 30. Rg4 Bxe3+ 31. Qxe3 exd5 32. Rxg7 Rxc4 33. Bb2 Rb4
34. Ba1 Ra4 35. e6 Qxe6 36. Qc3 d4 37. Qc7 Rxa2 38. Bxd4 Rd2 39. Bc3 Rd7 40.
Qg3 Re7 41. Rg8+ Rxg8 42. Qxg8+ Kd7 43. Rd1+ Kc6 44. Qxd8 Qe3+ 45. Kh1 a5 46.
Bd4 1-0

[Event "DVM U14w 2015"]
[Site "Magdeburg GER"]
[Date "2015.12.29"]
[Round "6"]
[White "Schulz, Theresa Charlotte"]
[Black "Lohrmann, Tabea"]
[Result "0-1"]
[Termination "normal"]
[Board "1.2"]
[WhiteElo "1669"]
[BlackElo "1657"]
[WhiteClock "00:32:40"]
[BlackClock "00:33:05"]
[WhiteTeam "SV Empor Erfurt"]
[BlackTeam "SF Sasbach"]
[PlyCount "64"]
[WhiteFideId "12952206"]
[BlackFideId "12911941"]
[EventCountry "GER"]
[EventRounds "7"]
[EventType "team-swiss"]
[EventDate "2015.12.26"]

1. e4 e5 2. Nf3 Nc6 3. Bb5 a6 4. Ba4 Nf6 5. Qe2 b5 6. Bb3 Bc5 7. c3 O-O 8. d3
d5 9. O-O Bg4 10. h3 Bh5 11. Bg5 dxe4 12. dxe4 h6 13. Bd5 Qd6 14. Bxf6 Qxf6 15.
Re1 Rfe8 16. a4 Rab8 17. axb5 axb5 18. Ra6 Bb6 19. Na3 Na5 20. b4 Bxf2+ 21.
Qxf2 Qxa6 22. bxa5 Qxa5 23. Qc5 Bxf3 24. gxf3 Qb6 25. Qxb6 Rxb6 26. Rd1 c6 27.
Ba2 Ra6 28. Ra1 Rea8 29. Rb1 Rxa3 30. Bb3 Ra1 31. Rxa1 Rxa1+ 32. Kf2 Rb1 0-1

[Event "DVM U14w 2015"]
[Site "Magdeburg GER"]
[Date "2015.12.29"]
[Round "6"]
[White "Geletzke, Hannah"]
[Black "Schneider, Anna"]
[Result "1/2-1/2"]
[Termination "normal"]
[Board "1.4"]
[WhiteElo "1514"]
[BlackElo "1033"]
[WhiteClock "00:03:20"]
[BlackClock "00:27:05"]
[WhiteTeam "SV Empor Erfurt"]
[BlackTeam "SF Sasbach"]
[PlyCount "45"]
[WhiteFideId "12983330"]
[BlackFideId "16200527"]
[EventCountry "GER"]
[EventRounds "7"]
[EventType "team-swiss"]
[EventDate "2015.12.26"]

1. e4 e5 2. Nc3 Nf6 3. g3 d5 4. exd5 Nxd5 5. Bg2 Nf6 6. Nf3 Nc6 7. O-O Be7 8.
Re1 Bg4 9. h3 Bh5 10. d3 O-O 11. Ne4 Nxe4 12. Rxe4 Re8 13. Qe1 f6 14. Bd2 Bg6
15. Re2 Bc5 16. Be3 Nd4 17. Nxd4 Bxd4 18. Qb4 Rb8 19. Bxd4 Qxd4 20. Qb3+ Bf7
21. Qa3 Qd6 22. Qc3 c6 23. Qa5 1/2-1/2

[Event "DVM U14w 2015"]
[Site "Magdeburg GER"]
[Date "2015.12.29"]
[Round "6"]
[White "Reinecke, Katharina"]
[Black "Rosenhain, Rachela"]
[Result "0-1"]
[Termination "normal"]
[Board "2.1"]
[WhiteElo "1853"]
[BlackElo "1846"]
[WhiteClock "00:05:23"]
[BlackClock "00:38:34"]
[WhiteTeam "SK Langen"]
[BlackTeam "Schachpinguine Berlin"]
[PlyCount "52"]
[WhiteFideId "12929727"]
[BlackFideId "12957615"]
[EventCountry "GER"]
[EventRounds "7"]
[EventType "team-swiss"]
[EventDate "2015.12.26"]

1. d4 Nf6 2. c4 c5 3. d5 b5 4. cxb5 a6 5. bxa6 g6 6. Nc3 Bxa6 7. g3 Bg7 8. Bg2
d6 9. Nf3 O-O 10. O-O Nbd7 11. Qc2 Qb6 12. Re1 Rfb8 13. e4 Ng4 14. Rb1 Nge5 15.
Rd1 Qb4 16. a3 Qb7 17. b4 cxb4 18. Rxb4 Qc7 19. Nd4 Rc8 20. Bb2 Qc5 21. Bf1
Bxf1 22. Kxf1 Nc4 23. Ncb5 Rab8 24. Rc1 Nxb2 25. Rxb2 Bxd4 26. Nxd4 Rxb2 0-1

[Event "DVM U14w 2015"]
[Site "Magdeburg GER"]
[Date "2015.12.29"]
[Round "6"]
[White "Schnabel, Luise"]
[Black "Poetsch, Leonore"]
[Result "0-1"]
[Termination "normal"]
[Board "2.2"]
[WhiteElo "1599"]
[BlackElo "1790"]
[WhiteClock "00:32:17"]
[BlackClock "01:00:13"]
[WhiteTeam "Schachpinguine Berlin"]
[BlackTeam "SK Langen"]
[PlyCount "76"]
[WhiteFideId "12943347"]
[BlackFideId "12940372"]
[EventCountry "GER"]
[EventRounds "7"]
[EventType "team-swiss"]
[EventDate "2015.12.26"]

1. e4 e6 2. d4 d5 3. Nd2 Nf6 4. e5 Nfd7 5. f4 c5 6. c3 Nc6 7. Ndf3 cxd4 8. cxd4
Qb6 9. Ne2 Be7 10. g3 O-O 11. Bg2 f6 12. b3 fxe5 13. dxe5 Bb4+ 14. Bd2 Nc5 15.
Qc2 Ne4 16. Rf1 Bd7 17. Rd1 Rac8 18. Qd3 Bxd2+ 19. Rxd2 Nb4 20. Qd4 Nxd2 21.
Qxb6 Nxf3+ 22. Bxf3 axb6 23. Kf2 Nxa2 24. Nd4 Rc1 25. Bg4 Rxf1+ 26. Kxf1 Kf7
27. Ke2 Rc8 28. Bf3 Nc3+ 29. Kd2 Nb5 30. Nxb5 Bxb5 31. f5 Bd7 32. g4 Rc5 33.
Kd3 exf5 34. Kd4 fxg4 35. Bxd5+ Rxd5+ 36. Kxd5 Be6+ 37. Kd6 Bxb3 38. Kc7 h5 0-1

[Event "DVM U14w 2015"]
[Site "Magdeburg GER"]
[Date "2015.12.29"]
[Round "6"]
[White "Flach, Helene"]
[Black "Grey, Andrea"]
[Result "1/2-1/2"]
[Termination "normal"]
[Board "2.3"]
[WhiteElo "1785"]
[BlackElo "1364"]
[WhiteClock "00:02:30"]
[BlackClock "00:02:24"]
[WhiteTeam "SK Langen"]
[BlackTeam "Schachpinguine Berlin"]
[PlyCount "77"]
[WhiteFideId "12929735"]
[BlackFideId "12971880"]
[EventCountry "GER"]
[EventRounds "7"]
[EventType "team-swiss"]
[EventDate "2015.12.26"]

1. e4 c5 2. Nf3 Nc6 3. d4 cxd4 4. Nxd4 g6 5. Nc3 Bg7 6. Be3 a6 7. Bc4 Nf6 8.
Bb3 d6 9. h3 Bd7 10. O-O O-O 11. Re1 Qc7 12. Nd5 Nxd5 13. exd5 Na5 14. Qd3 Nxb3
15. axb3 h6 16. c4 Rfe8 17. Rad1 Rad8 18. Qd2 Kh7 19. Ne2 b5 20. Rc1 Qb7 21.
Bd4 Rc8 22. Bxg7 Kxg7 23. Nd4 Kh7 24. Qf4 Kg7 25. Qd2 Kh7 26. Re3 Rc7 27. Rf3
Kg7 28. Qf4 Rf8 29. Qd2 Re8 30. Rg3 e6 31. dxe6 Bxe6 32. Nxe6+ Rxe6 33. Rd3 Rc6
34. Rd5 bxc4 35. bxc4 Qc7 36. Qd4+ Kh7 37. Qf4 Kg7 38. Qd4+ Kh7 39. Qf4 1/2-1/2